000 01150nam a2200349 a 4500
999 _c142202
_d142202
001 vtls000654279
003 PNM
005 20180728150240.0
008 110905t20122012my ao g | 000 0 may
015 _aM13-02269
020 _a9789673910601
_cRM112.00
_qhardback
039 9 _a201306061137
_bmanoriah
_c201302191419
_dnorhidayah
_c201302191411
_dnorhidayah
_c201302071503
_drasidah
040 _aBNM
_cPNM
_beng
_dPPAK
_erda
049 _aklpmal
082 0 4 _a362.2
_223
090 0 0 _a362.2
_bALI
_dG
100 0 _aAlia Hanisa,
_d1985-
_eauthor
245 1 0 _aPENINGKATAN GANGGUAN MENTAL DI MALAYSIA :
_nJilid 2 /
_cAlia Hanisa
264 _aSeri Kembangan, Selangor :
_bPenerbitan Premier,
_c2012
264 4 _c© 2012
300 _aiv, 44 pages :
_bcolour illustrations gf. ;
_c30 cm
336 _2rdacontent
_atext
337 _2rdamedia
_aunmediated
338 _2rdacarrier
_avolume
490 1 _aSIRI KESEDARAN KESIHATAN MENTAL
500 _aJilid 2
504 _aIncludes bibliographical references : pages 44
650 1 0 _aMental health
650 2 0 _aMental illness
830 0 _aSiri kesedaran kesihatan mental
942 _2ddc
_cB